Masakan tradisi Irranun( Irranun tradisional cooking)
| Format: | Book |
|---|---|
| Published: |
Singapura :
Manhattan Press (S) Pte Ltd ,
1989
|
| Subjects: |
MARC
| LEADER | 00000cam a2200000 7i4500 | ||
|---|---|---|---|
| 001 | 0000003937 | ||
| 005 | 20111201.0 | ||
| 020 | 0 | 0 | |a 9813001194 |
| 090 | 0 | 0 | |a 641.59595112 |b HADI 1989 |
| 245 | 1 | 0 | |a Masakan tradisi Irranun( Irranun tradisional cooking) |c Hadijah Abdullah Teng |
| 260 | 0 | 0 | |a Singapura : |b Manhattan Press (S) Pte Ltd , |c 1989 |
| 300 | |a 114 p. : |b col. ill. ; |c 30 cm. | ||
| 650 | 0 | 0 | |a Cookery |x Sabah |
| 650 | 0 | 0 | |a Recipes |x Irranun |
| 998 | |a JPSM | ||
| 999 | |a 005639 |b Monograph |c Open Shelf |e Default branch | ||